Historia diplomática entre España e Iberoamérica en el contexto de las relaciones internacionales (1955-1985) / (Record no. 12465)

MARC details
000 -LEADER
campo de control de longitud fija 01167nam a2200301 i 4500
001 - NÚMERO DE CONTROL
campo de control 12465
003 - IDENTIFICADOR DE NÚMERO DE CONTROL
campo de control ES-MaACL
005 - FECHA Y HORA DE LA ÚLTIMA TRANSACCIÓN
campo de control 20250801063014.0
008 - DATOS DE LONGITUD FIJA--INFORMACIÓN GENERAL
campo de control de longitud fija 921016s1989 sp ||||0| spa d
017 ## - NÚMERO DE COPYRIGHT O DE DEPÓSITO LEGAL
Número de copyright o de depósito legal M 2824-1990
Agencia que asigna Oficina Depósito Legal Madrid
020 ## - NÚMERO INTERNACIONAL ESTÁNDAR DEL LIBRO
Número Internacional Estándar del Libro 84-7232-517-2
024 ## - IDENTIFICADOR DE OTROS ESTÁNDARES
Número estándar o código 028-89-054-5
Fuente del número o código nipo
080 ## - NÚMERO DE LA CLASIFICACIÓN DECIMAL UNIVERSAL
Número de la Clasificación Decimal Universal 327(460:8=60)
080 ## - NÚMERO DE LA CLASIFICACIÓN DECIMAL UNIVERSAL
Número de la Clasificación Decimal Universal 327(8=60:460)
100 1# - ENTRADA PRINCIPAL--NOMBRE DE PERSONA
Nombre de persona Enrich Marcet, Silvia
Término indicativo de función/relación Autor
9 (RLIN) 47260
245 10 - MENCIÓN DEL TÍTULO
Título Historia diplomática entre España e Iberoamérica en el contexto de las relaciones internacionales (1955-1985) /
Mención de responsabilidad, etc. Silvia Enrich ; prólogo de Fernando Morán
260 ## - PUBLICACIÓN, DISTRIBUCIÓN, ETC.
Lugar de publicación, distribución, etc. Madrid :
Nombre del editor, distribuidor, etc. Cultura Hispánica,
Fecha de publicación, distribución, etc. 1989
300 ## - DESCRIPCIÓN FÍSICA
Extensión 348 páginas ;
Dimensiones 24 cm
490 1# - MENCIÓN DE SERIE
Mención de serie Biblioteca diplomática española (Cultura Hispánica)
651 #4 - PUNTO DE ACCESO ADICIONAL DE MATERIA--NOMBRE GEOGRÁFICO
Nombre geográfico España-
Subdivisión general Relaciones-
Subdivisión geográfica América Latina
9 (RLIN) 8454
651 #4 - PUNTO DE ACCESO ADICIONAL DE MATERIA--NOMBRE GEOGRÁFICO
Nombre geográfico América Latina-
Subdivisión general Relaciones-
Subdivisión geográfica España
9 (RLIN) 7760
700 1# - ENTRADA AGREGADA--NOMBRE PERSONAL
Nombre de persona Morán, Fernando,
Fechas asociadas al nombre 1926-2020
Término indicativo de función/relación Autor de introducción
9 (RLIN) 240950
830 #0 - PUNTO DE ACCESO ADICIONAL DE SERIE-TÍTULO UNIFORME
Título uniforme Biblioteca diplomática española (Cultura Hispánica)
9 (RLIN) 228301
852 ## - LOCALIZACIÓN
Ubicación ES-MaACL
Ubicación en estantería Depósito 2
Número de control de estantería L-19709
942 ## - ELEMENTOS DE ENTRADA SECUNDARIOS (KOHA)
Fuente del sistema de clasificación o colocación Clasificación decimal universal
Tipo de ítem Koha Libro impreso
Suprimir en OPAC No
Holdings
Estatus retirado Estado de pérdida Estado de daño No para préstamo Biblioteca de origen Biblioteca actual Ubicación en estantería Fecha de adquisición Fuente de adquisición Total de préstamos Signatura topográfica completa Código de barras Visto por última vez Precio de reemplazo Tipo de ítem Koha
        Biblioteca del Ateneo de Madrid Biblioteca del Ateneo de Madrid Depósito 2 17/01/2008     L-19709 1012701 23/02/2023 23/02/2023 Libro impreso